Business Systems For Leisure And Tourism (Record no. 4623)

MARC details
005 - DATE AND TIME OF LATEST TRANSACTION
control field 20250623084515.0
020 ## - INTERNATIONAL STANDARD BOOK NUMBER
International Standard Book Number 0-340-65839-8
082 ## - DEWEY DECIMAL CLASSIFICATION NUMBER
Classification number 338.4'791'068EDM
100 ## - MAIN ENTRY--PERSONAL NAME
Author name Condell. S
245 ## - TITLE STATEMENT
Title Business Systems For Leisure And Tourism
260 ## - PUBLICATION, DISTRIBUTION, ETC.
Place of publication, distribution, etc. British
Name of publisher, distributor, etc. British Library Cataloguing -In- Publication Data,
Date of publication, distribution, etc. 1997.
300 ## - PHYSICAL DESCRIPTION
Extent ix,; 49p, ill, figure
Other physical details Grossary, Index
Dimensions 27cm
942 ## - ADDED ENTRY ELEMENTS (KOHA)
Source of classification or shelving scheme Dewey Decimal Classification
Koha item type Books
Holdings
Date last seen Total checkouts Full call number Barcode Cost, replacement price Price effective from Koha item type Lost status Source of classification or shelving scheme Damaged status Not for loan Withdrawn status Home library Current library Shelving location Date acquired Cost, normal purchase price
06/28/2025   338.4791068CON DOM0002025 75000.00 06/28/2025 Books   Dewey Decimal Classification       CBE Dodoma CBE Dodoma General Collection 06/28/2015 25000.00